|
|
|
|
| LEADER |
00665nam a22002292a 4500 |
| 001 |
000940785 |
| 003 |
CZ BrMZK |
| 005 |
20090602143913.0 |
| 007 |
ta |
| 008 |
090525s1970 xo er|||||||||||slo d |
| 040 |
|
|
|a BOA001
|b cze
|
| 100 |
1 |
|
|a Ondruš, Ján,
|d 1932-2000
|7 ola2002152401
|4 aut
|
| 245 |
1 |
0 |
|a Kľak /
|c Ján Ondruš
|
| 250 |
|
|
|a 1. vyd.
|
| 260 |
|
|
|a Bratislava :
|b Slovenský spisovateľ,
|c 1970
|
| 300 |
|
|
|a 57 s.
|
| 490 |
1 |
|
|a Slovenská poézia ;
|v zv. 47
|
| 830 |
|
0 |
|a Slovenská poézia
|
| 910 |
|
|
|a BOA001
|b 1-0641.084
|
| 990 |
|
|
|a BK
|
| 991 |
|
|
|b 200905
|
| 996 |
7 |
|
|b 2619486109
|c 1-0641.084
|l MZK
|r Sklad / do 1 hodiny
|n 1
|w 000940785
|u 000010
|a 1
|e BOA001
|j MZK50
|s A
|